Poradenstvo a jeho význam pre marketing

Podstata a základné prístupy k poradenstvu. Kritériá uplatňované pri výbere poradcu. Problematika marketingového poradenstva. Súčasnosť a perspektívy marketingového poradenstva na Slovensku.

Gespeichert in:
Bibliographische Detailangaben
1. Verfasser: Hanuláková, Eva, 1964-
Format: Buchkapitel
Sprache:Slowakisch
Schlagworte:
Tags: Tag hinzufügen
Keine Tags, Fügen Sie das erste Tag hinzu!

MARC

LEADER 00000naa$a2200000$$$4500
001 0003252
005 20240502083122.0
041 0 |a slo 
044 |a CZ 
245 1 0 |a Poradenstvo a jeho význam pre marketing  |c aut. Eva Hanuláková 
520 |a Podstata a základné prístupy k poradenstvu. Kritériá uplatňované pri výbere poradcu. Problematika marketingového poradenstva. Súčasnosť a perspektívy marketingového poradenstva na Slovensku. 
610 2 0 |a poradenstvo 
610 2 0 |a služby poradenské 
610 2 0 |a poradcovia 
610 2 0 |a klienti 
610 2 0 |a marketing 
100 1 |a Hanuláková, Eva, 1964-